RICS 2009 housing market forecast (Record no. 109095)

MARC details
000 -LEADER
fixed length control field 01342cad a22002295a 4500
001 - CONTROL NUMBER
control field L146280
008 - FIXED-LENGTH DATA ELEMENTS--GENERAL INFORMATION
fixed length control field 090105e20081224xxkad f s 000 0 eng u
035 ## - SYSTEM CONTROL NUMBER
System control number (Sirsi) u146280
041 0# - LANGUAGE CODE
Language code of text/sound track or separate title eng
050 04 - LIBRARY OF CONGRESS CALL NUMBER
Classification number 333.33 $2 18
110 1# - MAIN ENTRY--CORPORATE NAME
Corporate name or jurisdiction name as entry element Royal Institution of Chartered Surveyors
Subordinate unit Economics
9 (RLIN) 5033
245 00 - TITLE STATEMENT
Title RICS 2009 housing market forecast
Medium [electronic resource]
260 ## - PUBLICATION, DISTRIBUTION, ETC.
Place of publication, distribution, etc. London
Name of publisher, distributor, etc. RICS
Date of publication, distribution, etc. 2008
490 #0 - SERIES STATEMENT
Series statement RICS UK Housing Market Forecast
Volume/sequential designation 2009
520 ## - SUMMARY, ETC.
Summary, etc. Forecasts for the residential housing market for 2009 remain very depressed, with further falls in value from 10-15% predicted (although the authors do add that the particular volatility being experienced in the market at present mean that accuracy will be more difficult than usual this year). Suggests that transactions will increase slightly and that new starts in England will drop below 80 000. The forecast also examines some of the key drivers of the housing market for 2009, including the availability of credit, affordability and housing supply.
590 ## - LOCAL NOTE (RLIN)
Local note KA
650 24 - SUBJECT ADDED ENTRY--TOPICAL TERM
Topical term or geographic name entry element RICS UK HOUSING MARKET FORECAST
651 #4 - SUBJECT ADDED ENTRY--GEOGRAPHIC NAME
Geographic name United Kingdom
Chronological subdivision
690 ## - LOCAL SUBJECT ADDED ENTRY--TOPICAL TERM (OCLC, RLIN)
Topical term or geographic name as entry element PROPERTY-RESIDENTIAL PROPERTY-RESIDENTIAL PROPERTY MARKET
856 40 - ELECTRONIC LOCATION AND ACCESS
Uniform Resource Identifier <a href="https://www.rics.org/RICSWEB/getpage.aspx?p=m0oBDmAkek21E2a-rW-kCw">https://www.rics.org/RICSWEB/getpage.aspx?p=m0oBDmAkek21E2a-rW-kCw</a>
Public note View the item free of charge at www.rics.org...
942 ## - ADDED ENTRY ELEMENTS (KOHA)
Suppress in OPAC 0
Holdings
Withdrawn status Lost status Source of classification or shelving scheme Damaged status Not for loan Home library Current library Shelving location Date acquired Total Checkouts Full call number Barcode Date last seen Copy number Price effective from Koha item type
    Dewey Decimal Classification     Virtual Virtual Online 05/01/2009   ONLINE PUBLICATION 146280-1001 06/08/2019 1 06/08/2019 Book